Recently Coined Words Quiz Stats

 Plays Quiz Updated Jan 29, 2019

Support Sporcle.
Go Orange.
Score 0/32 Timer 06:00
6 Plays Today
% Correct
Homophobia
92.3%
Robotics
91.1%
Soccer mom
90.2%
Prequel
89.8%
Lightsaber
89.3%
Red state|Blue state
89.1%
Blog
88.6%
RADAR
88.3%
McJob
83.8%
Tebowing
83.6%
Black Hole
83.4%
Cyberspace
80.8%
Embiggen
80.1%
Californication
80%
Taser
78.2%
Catch-22
77.9%
% Correct
Hyperspace
75.3%
Gerrymandering
72.3%
X-Rays
68.1%
Phaser
66.5%
Truthiness
66.3%
Pollyanna
66.1%
Jumping the Shark
62.5%
Quixotic
60.5%
LASER
58.7%
Blobject
56.7%
Prion
51.7%
Meme
51.6%
Astroturfing
45.8%
Cromulent
44%
Grok
29.7%
Snowclone
16.3%

From the Vault

US States with Their Capitals on a Map

by Purple_Parrot

Any geography buff should be able to capitalize on this.
Remove Ads.
Support Sporcle.
Get the best of Sporcle when you Go Orange. This ad-free experience offers more features, more stats, and more fun while also helping to support Sporcle. Thank you for becoming a member.

Show Comments

Extras

Top Quizzes Today


Score Distribution

Your Account Isn't Verified!

In order to create a playlist on Sporcle, you need to verify the email address you used during registration. Go to your Sporcle Settings to finish the process.

Report this User

Report this user for behavior that violates our Community Guidelines.

Details: